000 00516nam a2200181 i 4500
001 135100
003 ES-MaACL
005 20230906194815.0
007 t|
008 070709s1946 xxk ||||1| eng d
100 1 _aThomas, S. Evelyn.
_9110048
245 1 0 _aPrinciples of banking... /
_cby S. Evelyn Thomas and Maurice Megrah.
250 _a4ยช ed.
260 _aLondon :
_bIssac Pitman,
_c1946.
300 _aVI, 314 p. ;
_c22 cm.
700 1 _aMegrah, Maurice.
_979810
852 _aES-MaACL
_jC-5369
_bR.25465
999 _c135100
_d135100